| 000 | 00327cam a22001217a 4500 | ||
|---|---|---|---|
| 008 | 180718b1958 xxu||||| |||| 00| 0 eng d | ||
| 082 | _aI29 R796 | ||
| 100 | _aRowland, Virgil K. | ||
| 245 |
_aImproving managerial performance _cby Virgil K. Rowland |
||
| 260 |
_aNew York _bHarper _c1958 |
||
| 300 | _a167p | ||
| 650 | _aExecutives | ||
| 999 |
_c427787 _d427787 |
||